MARC details
| 000 -CABECERA |
| campo de control de longitud fija |
01132nam a2200265 a 4500 |
| 001 - NÚMERO DE CONTROL |
| campo de control |
000013487 |
| 005 - FECHA Y HORA DE LA ÚLTIMA TRANSACCIÓN |
| campo de control |
20250924073801.0 |
| 008 - DATOS DE LONGITUD FIJA--INFORMACIÓN GENERAL |
| campo de control de longitud fija |
091125s1986 dr 000 0 spa d |
| 040 ## - FUENTE DE LA CATALOGACIÓN |
| Centro catalogador/agencia de origen |
DO-SdBNP |
| Lengua de catalogación |
spa |
| Centro/agencia transcriptor |
BNPHU |
| 082 ## - NÚMERO DE LA CLASIFICACIÓN DECIMAL DEWEY |
| Número de clasificación |
342.7293 |
| Número de documento/Ítem |
M671p |
| 049 ## - FONDOS LOCALES (OCLC) |
| Fondos de biblioteca |
BNPD |
| 100 1# - ENTRADA PRINCIPAL--NOMBRE DE PERSONA |
| Nombre de persona |
Mirabal Reyes de Tavárez, Minerva Arg. |
| 9 (RLIN) |
30816 |
| 245 13 - MENCIÓN DE TÍTULO |
| Título |
El principio de la irretroactividad de las leyes y la jurisprudencia dominicana / |
| Mención de responsabilidad, etc. |
Minerva Arg. Mirabal Reyes de Tavárez ; presentación Fernando Sánchez Martínez. |
| 260 ## - PUBLICACIÓN, DISTRIBUCIÓN, ETC. |
| Lugar de publicación, distribución, etc. |
Santo Domingo : |
| Nombre del editor, distribuidor, etc. |
Universitaria, |
| Fecha de publicación, distribución, etc. |
1986. |
| 300 ## - DESCRIPCIÓN FÍSICA |
| Extensión |
45 p. ; |
| Dimensiones |
21 cm. |
| 490 1# - MENCIÓN DE SERIE |
| Mención de serie |
Publicaciones de la Universidad Autónoma de Santo Domingo |
| Designación de volumen o secuencia |
530 |
| 490 1# - MENCIÓN DE SERIE |
| Mención de serie |
tesis |
| Designación de volumen o secuencia |
2 |
| 650 #4 - PUNTO DE ACCESO ADICIONAL DE MATERIA--TÉRMINO DE MATERIA |
| Término de materia o nombre geográfico como elemento de entrada |
Retroactividad de las leyes |
| Subdivisión geográfica |
República Dominicana |
| 9 (RLIN) |
14577 |
| 650 #4 - PUNTO DE ACCESO ADICIONAL DE MATERIA--TÉRMINO DE MATERIA |
| Término de materia o nombre geográfico como elemento de entrada |
Legislación |
| Subdivisión geográfica |
República Dominicana |
| 9 (RLIN) |
3032 |
| 650 #4 - PUNTO DE ACCESO ADICIONAL DE MATERIA--TÉRMINO DE MATERIA |
| Término de materia o nombre geográfico como elemento de entrada |
Derecho comparado |
| Subdivisión geográfica |
República Dominicana |
| 9 (RLIN) |
14578 |
| 650 #4 - PUNTO DE ACCESO ADICIONAL DE MATERIA--TÉRMINO DE MATERIA |
| Término de materia o nombre geográfico como elemento de entrada |
Filosofía del derecho |
| Subdivisión geográfica |
República Dominicana |
| 9 (RLIN) |
14579 |
| 700 1# - PUNTO DE ACCESO ADICIONAL--NOMBRE DE PERSONA |
| Nombre de persona |
Sánchez Martínez, Fernando |
| 9 (RLIN) |
7183 |
| 830 ## - PUNTO DE ACCESO ADICIONAL DE SERIE-TÍTULO UNIFORME |
| Título uniforme |
Publicaciones de la Universidad Autónoma de Santo Domingo |
| Designación de volumen o secuencia |
530 |
| 9 (RLIN) |
52 |
| 830 #0 - PUNTO DE ACCESO ADICIONAL DE SERIE-TÍTULO UNIFORME |
| Título uniforme |
tesis |
| Designación de volumen o secuencia |
2 |
| 9 (RLIN) |
30817 |
| 999 ## - NÚMEROS DE CONTROL DE SISTEMA (KOHA) |
| -- |
0000247 |